000 00738nam a2200217 i 4500
001 82206
003 ES-MaACL
005 20230906174628.0
007 t|
008 041201s1996 sp ||||1| spa d
020 _a84-206-9515-7
080 _a176(091)
100 1 _aFuchs, Eduard.
_952806
245 1 0 _aHistoria ilustrada de la moral sexual /
_cEduard Fuchs ; edición de Thomas Huonker ; versión española de Juan Guillermo Gómez.
260 _aMadrid :
_bAlianza,
_c1996.
300 _a3 v. :
_bil. ;
_c20 cm.
505 8 _aContiene: 1. El Renacimiento 2. La época galante 3. La época burguesa
650 4 _aÉtica sexual-
_xHistoria.
_912592
700 1 _aHuonker, Tomas.
_964753
852 _aES-MaACL
_jE-10542-4
_bR.134680
999 _c82206
_d82206